00361nam a2200133Ia 450000500170000000800410001702000150005808200130007310000190008624500380010526000410014330000130018450000300019720250701012954.0240331s9999 xx 000 0 und d a9559521144 bKUMa891 aKumarasinghe,K 0a70 dhashakaye sinhala nawakathawa aKelaniyabShila Printing Worksc1995 a137 p ., aSinhala in the 70s Novels